[Event "Sherbrooke Perpetuelles 13-26a"]
[Site "Sherbrooke"]
[Date "2005.01.28"]
[Round "3"]
[White "Grenier, Jean Pierre"]
[Black "Poirier, Vincent"]
[Result "0-1"]
[WhiteElo "1563"]
[BlackElo "1334"]
[PlyCount "80"]
[EventDate "2005.01.??"]
[EventType "swiss"]
[EventRounds "5"]
[EventCountry "CAN"]
[SourceTitle "EXT 2006"]
[Source "ChessBase"]
[SourceDate "2005.11.24"]
[SourceVersion "1"]
[SourceVersionDate "2005.11.24"]
[SourceQuality "1"]

1. d4 Nf6 2. Nf3 e6 3. e3 Be7 4. Bd3 0-0 5. 0-0 d5 6. a3 b6 7. Re1 Bb7 8. Nbd2 c5 9. c4 cxd4 10. cxd5 dxe3 11. fxe3 Nxd5 12. Nc4 Nd7 13. e4 Bc5+ 14. Kh1 N5f6 15. Bg5 Qc7 16. e5 Ng4 17. Bh4 Bxf3 18. Qxf3 Ndxe5 19. Nxe5 Nxe5 20. Bxh7+ Kxh7 21. Qh5+ Kg8 22. Rxe5 Bd4 23. Re4 Bxb2 24. Bg3 Qc5 25. Qxc5 bxc5 26. Ra2 Bd4 27. h4 g6 28. Bf4 Rfe8 29. g4 f5 30. gxf5 exf5 31. Ree2 Rxe2 32. Rxe2 Kf7 33. Bg5 Bf6 34. Rd2 Bxg5 35. hxg5 Ke6 36. Kg2 c4 37. Kf3 c3 38. Rc2 Rc8 39. Kf4 Kd5 40. Ke3 Kc4 0-1

[Event "Sherbrooke Perpetuelles 41-45"]
[Site "Sherbrooke"]
[Date "2004.05.07"]
[Round "5"]
[White "Pilotte, Benoit"]
[Black "Grenier, Jean Pierre"]
[Result "1-0"]
[WhiteElo "1767"]
[BlackElo "1563"]
[PlyCount "83"]
[EventDate "2004.04.??"]
[EventType "swiss"]
[EventRounds "5"]
[EventCountry "CAN"]
[SourceTitle "EXT 2005"]
[Source "ChessBase"]
[SourceDate "2004.11.15"]
[SourceVersion "1"]
[SourceVersionDate "2004.11.15"]
[SourceQuality "1"]

1. f4 d5 2. Nf3 Nc6 3. e3 Bf5 4. Bb5 Bd7 5. Nc3 Nf6 6. b3 a6 7. Bxc6 Bxc6 8. Bb2 e6 9. Ne5 Qd6 10. a4 Bd7 11. Qf3 c6 12. Ba3 Qc7 13. Bxf8 Rxf8 14. a5 c5 15. 0-0 Bc6 16. d4 Ne4 17. Nxe4 dxe4 18. Qh3 0-0-0 19. dxc5 g5 20. Nc4 Kb8 21. Nb6 f5 22. Qh6 Qe7 23. b4 Rg8 24. Qh3 gxf4 25. Rxf4 Rd2 26. Rf2 Qd8 27. Re1 Rxf2 28. Kxf2 f4 29. Nc4 fxe3+ 30. Qxe3 Qh4+ 31. Kg1 Qg4 32. g3 Bd5 33. Ne5 Qf5 34. Nd7+ Kc7 35. Nb6 h5 36. Rf1 Qe5 37. Rf7+ Kd8 38. Qf2 Qa1+ 39. Qf1 Qd4+ 40. Kg2 Qd2+ 41. Kh3 Qg5 42. Rd7+ 1-0

[Event "Sherbrooke Perpetuelles 11-15"]
[Site "Sherbrooke"]
[Date "2003.09.12"]
[Round "4"]
[White "Grenier, Jean Pierre"]
[Black "Pilotte, Benoit"]
[Result "1/2-1/2"]
[WhiteElo "1583"]
[BlackElo "1689"]
[PlyCount "170"]
[EventDate "2003.08.??"]
[EventType "swiss"]
[EventRounds "5"]
[EventCountry "CAN"]
[SourceTitle "EXT 2006"]
[Source "ChessBase"]
[SourceDate "2005.11.24"]
[SourceVersion "1"]
[SourceVersionDate "2005.11.24"]
[SourceQuality "1"]

1. d4 Nf6 2. Nf3 g6 3. e3 Bg7 4. Bd3 d6 5. Nbd2 Nc6 6. a3 e5 7. 0-0 Qe7 8. dxe5 dxe5 9. e4 Nh5 10. b4 a6 11. Nc4 b5 12. Ne3 Nf4 13. Nd5 Nxd5 14. exd5 e4 15. Rb1 exf3 16. dxc6 fxg2 17. Re1 Be6 18. Be4 Rd8 19. Qf3 0-0 20. Be3 Qh4 21. Bf4 f5 22. Bd3 Bd5 23. Qe3 Rfe8 24. Qd2 h6 25. Rxe8+ Rxe8 26. Bxf5 Bxc6 27. Bxg6 Rf8 28. Bg3 Qf6 29. Bd3 Qc3 30. Qxc3 Bxc3 31. a4 bxa4 32. Bxa6 Bd5 33. Rd1 c6 34. b5 Bc4 35. Kxg2 Bxb5 36. Bb7 a3 37. Bd6 Rf7 38. Bc8 Be2 39. Rc1 Rg7+ 40. Kh3 a2 41. Be6+ Kh7 42. Bxa2 Bg4+ 43. Kh4 Bf6+ 44. Kg3 Be6+ 45. Kf3 Bxa2 46. Re1 Bd5+ 47. Ke2 Bc3 48. Rb1 Bc4+ 49. Ke3 Rd7 50. Bc5 Bd2+ 51. Kf3 Bg5 52. Rb4 Rf7+ 53. Ke4 Bd5+ 54. Kd3 Rf3+ 55. Ke2 Rh3 56. Bd6 Bf3+ 57. Ke1 Bd5 58. Ke2 Kg6 59. Bg3 Be7 60. Rg4+ Kf5 61. Rf4+ Ke6 62. Rg4 Bg5 63. Kd3 h5 64. Rxg5 h4 65. c4 Bg2 66. Re5+ Kf6 67. Re1 hxg3 68. hxg3 Rh5 69. Rg1 Bf3 70. Ke3 Bg4 71. f3 Re5+ 72. Kf4 Be6 73. Rh1 Rc5 74. Rh6+ Kf7 75. Rh7+ Kg6 76. Re7 Bxc4 77. g4 Kf6 78. Re4 Bd5 79. Re3 Rc4+ 80. Kg3 Kg5 81. Re5+ Kf6 82. Rf5+ Kg6 83. Kh4 Rc3 84. Rg5+ Kf7 85. Rf5+ Kg6 1/2-1/2